000 00348nam a2200145Ia 4500
008 191201s2011 xx 000 0 und d
082 _a004.165
_bAYM
100 _aAYALA,Kenneth
245 4 _aThe 8051 Microcontroller
250 _aRep
260 _aN. Delhi
_bCengage Learning
_c2011
300 _a412
650 _aM.Tech (ECE)
942 _2ddc
_cBK
999 _c5072
_d5072